| 000 | 00778cam a2200265 4500 | ||
|---|---|---|---|
| 001 | 1722460 | ||
| 003 | ARRUPE | ||
| 005 | 20161116092031.0 | ||
| 008 | 730927s1971 bg ab b 001 0 eng | ||
| 010 | _a 72907279 | ||
| 040 |
_aDLC _cDLC _dDLC |
||
| 043 | _aa-bg--- | ||
| 050 | 0 | 0 |
_aGN635.B33 _bS27 |
| 082 | 0 | 0 | _a301.29/549/2 |
| 100 | 1 |
_aSattar, Abdus, _d1949- _927479 |
|
| 245 | 1 | 0 |
_aIn the sylvan shadows. _cAbdus Sattar |
| 260 |
_a[Dacca, _bSaquib Bros., _c1971] |
||
| 300 |
_axii, 349 p. _billus., maps. _c23 cm. |
||
| 350 | _aTk20.00 | ||
| 504 | _aBibliography: p. [327]-335. | ||
| 650 | 0 |
_aEthnology _zBangladesh. _927480 |
|
| 651 | 0 |
_aBangladesh _xSocial life and customs. _927481 |
|
| 906 |
_a7 _bcbc _corignew _d4 _encip _f19 _gy-gencatlg |
||
| 942 |
_2lcc _cMONOGRAPH |
||
| 999 |
_c125740 _d125740 |
||